[Event "ChFraAccessionFem2011"]
[Site "Caen"]
[Date "2011.08.16"]
[Round "1.1"]
[White "Fruteau, Sabine"]
[Black "Schweitzer, Viktoriya"]
[Result "0-1"]
[WhiteElo "2102"]
[BlackElo "2226"]
[PlyCount "64"]
[EventDate "2011.??.??"]

1. e4 g6 2. d4 c6 3. Bd3 Bg7 4. c3 d6 5. Nf3 Nf6 6. O-O O-O 7. Re1 Bg4 8. h3
Bxf3 9. Qxf3 e5 10. dxe5 dxe5 11. Bg5 Nbd7 12. Nd2 b5 13. Nf1 h6 14. Bd2 Re8
15. Rad1 Qe7 16. Ne3 h5 17. g4 Nc5 18. Bc2 Ne6 19. Ng2 hxg4 20. hxg4 Nh7 21.
Qg3 Bf6 22. Rf1 Nhg5 23. f3 Kg7 24. Kf2 Rad8 25. Ke2 b4 26. Rh1 bxc3 27. Bxc3
Qc5 28. Bb3 Nd4+ 29. Bxd4 Rxd4 30. Qh2 Kf8 31. Ne3 Red8 32. Rhe1 Rd2+ 0-1

[Event "ChFraAccessionFem2011"]
[Site "Caen"]
[Date "2011.08.16"]
[Round "1.1"]
[White "Hamdouchi, Adina-Maria"]
[Black "Benard, Anne-Laurie"]
[Result "0-1"]
[WhiteElo "2266"]
[BlackElo "1952"]
[PlyCount "120"]
[EventDate "2011.??.??"]

1. Nf3 Nf6 2. g3 e6 3. Bg2 c5 4. d3 d5 5. O-O Bd6 6. Nbd2 O-O 7. e4 Nc6 8. Qe2
Ng4 9. c3 f5 10. h3 fxe4 11. dxe4 Nh6 12. Rd1 Qc7 13. Nf1 dxe4 14. Qxe4 Nf7 15.
Ne3 b5 16. Ng5 Nxg5 17. Qxc6 Nxh3+ 18. Kh2 Qf7 19. Qxd6 Nxf2 20. Qxf8+ Kxf8 21.
Rf1 Bb7 22. Bxb7 Qxb7 23. Rxf2+ Kg8 24. Bd2 Rf8 25. Rxf8+ Kxf8 26. Rf1+ Ke7 27.
Ng4 Qd5 28. Be3 Qh5+ 29. Kg2 Qxg4 30. Bxc5+ Kd7 31. Bxa7 h5 32. Rf4 Qe2+ 33.
Rf2 Qe4+ 34. Kh2 g5 35. Rd2+ Kc6 36. Rg2 e5 37. Bf2 Qf3 38. Bg1 Qg4 39. Bf2 e4
40. Bd4 Qf3 41. Rf2 Qd3 42. Rf6+ Kd5 43. Rf5+ Kd6 44. Kg2 e3 45. Re5 Qd2+ 46.
Kf3 g4+ 47. Ke4 e2 48. Rd5+ Ke6 49. Re5+ Kf7 50. Rf5+ Kg8 51. Bf2 e1=Q+ 52.
Bxe1 Qxe1+ 53. Kd5 Qxg3 54. Rxh5 Qd3+ 55. Kc5 Qg6 56. Rd5 g3 57. Rd8+ Kf7 58.
Rd7+ Ke8 59. Rd6 Qc2 60. b4 g2 0-1

[Event "ChFraAccessionFem2011"]
[Site "Caen"]
[Date "2011.08.16"]
[Round "1.1"]
[White "Thuret, Marine"]
[Black "Rigolot, Lucie"]
[Result "1-0"]
[WhiteElo "1910"]
[BlackElo "1946"]
[PlyCount "53"]
[EventDate "2011.??.??"]

1. Nc3 c5 2. e4 d6 3. g3 Nc6 4. Bg2 g6 5. d3 Bg7 6. Be3 Nf6 7. h3 O-O 8. f4 Rb8
9. Nge2 Nd7 10. g4 b5 11. Qd2 b4 12. Nd1 Nb6 13. c3 bxc3 14. bxc3 Bd7 15. Rc1
a6 16. O-O e6 17. Ng3 Ne7 18. f5 f6 19. h4 Kf7 20. fxg6+ Nxg6 21. Nh5 Rg8 22.
Bg5 Qc8 23. Nxg7 Rxg7 24. Bxf6 Rg8 25. Qh6 Nf8 26. Bg7+ Ke7 27. Qf6+ 1-0

[Event "ChFraAccessionFem2011"]
[Site "Caen"]
[Date "2011.08.17"]
[Round "2.1"]
[White "Benard, Anne-Laurie"]
[Black "Rigolot, Lucie"]
[Result "1/2-1/2"]
[WhiteElo "1952"]
[BlackElo "1946"]
[PlyCount "53"]
[EventDate "2011.??.??"]

1. e4 c5 2. Nc3 Nc6 3. Bb5 Nd4 4. Bc4 Nf6 5. Nf3 a6 6. e5 d5 7. Bb3 Nxb3 8.
axb3 d4 9. exf6 dxc3 10. fxg7 cxd2+ 11. Qxd2 Qxd2+ 12. Bxd2 Bxg7 13. O-O-O Bg4
14. Rde1 Bxf3 15. gxf3 Bd4 16. Bg5 f6 17. Bh4 Be5 18. Bg3 Bxg3 19. fxg3 Kf7 20.
Re4 e5 21. f4 Rhe8 22. Rf1 exf4 23. Rexf4 Re6 24. Rh4 Kg6 25. Rg4+ Kf7 26. Rh4
Kg6 27. Rg4+ 1/2-1/2

[Event "ChFraAccessionFem2011"]
[Site "Caen"]
[Date "2011.08.17"]
[Round "2.2"]
[White "Schweitzer, Viktoriya"]
[Black "Thuret, Marine"]
[Result "1-0"]
[WhiteElo "2226"]
[BlackElo "1910"]
[PlyCount "135"]
[EventDate "2011.??.??"]

1. e4 c5 2. Nf3 d6 3. c3 g6 4. d4 cxd4 5. cxd4 Bg7 6. Bc4 Nf6 7. Nc3 O-O 8. Bb3
Bg4 9. Be3 Nc6 10. h3 Bxf3 11. Qxf3 Na5 12. Bc2 Nc4 13. O-O Rc8 14. Bc1 Nd7 15.
Rd1 Qa5 16. b4 Qd8 17. Bb3 a6 18. a4 e5 19. d5 Qb6 20. b5 f5 21. Ra2 fxe4 22.
Qg3 e3 23. Ne4 exf2+ 24. Rxf2 Rxf2 25. Nxf2 axb5 26. axb5 Na5 27. Ba2 Qxb5 28.
Qg4 Re8 29. Ne4 Nf6 30. Nxf6+ Bxf6 31. Qe4 Nb3 32. h4 Nc5 33. Qg4 Qa4 34. Qe2
Bxh4 35. Bc4 Rf8 36. Be3 Qa5 37. Qg4 Bf6 38. Bh6 Bg7 39. Bg5 Qc7 40. Be3 Qd7
41. Qe2 Qc7 42. Rb1 Rc8 43. Kh2 Qe7 44. Qg4 Rc7 45. Rb5 e4 46. Bxc5 Rxc5 47.
Rxc5 Qe5+ 48. g3 h5 49. Qe6+ Kh7 50. Qxe5 Bxe5 51. Rc7+ Kh6 52. Kg2 Kg5 53.
Rxb7 Kf5 54. Rf7+ Bf6 55. Kf2 Ke5 56. Rh7 Kd4 57. Ba2 e3+ 58. Ke2 Be5 59. Rh6
Bxg3 60. Rxg6 Bf4 61. Rg1 Be5 62. Rh1 Bg3 63. Rxh5 Bf2 64. Rg5 Kc5 65. Kd3 Kb5
66. Rg6 Kc5 67. Bb3 Kb4 68. Bd1 1-0

[Event "ChFraAccessionFem2011"]
[Site "Caen"]
[Date "2011.08.17"]
[Round "2.3"]
[White "Hamdouchi, Adina-Maria"]
[Black "Fruteau, Sabine"]
[Result "1-0"]
[WhiteElo "2266"]
[BlackElo "2102"]
[PlyCount "75"]
[EventDate "2011.??.??"]

1. Nf3 d5 2. g3 c5 3. Bg2 Nc6 4. d3 e5 5. Nbd2 Nf6 6. e4 Be7 7. O-O O-O 8. Re1
Bg4 9. exd5 Nxd5 10. h3 Bxf3 11. Nxf3 Bf6 12. h4 Re8 13. c3 Qd7 14. Ng5 Bxg5
15. hxg5 Rad8 16. Be4 f5 17. gxf6 Nxf6 18. Bg5 Qf7 19. Qb3 Rd6 20. Bxf6 Qxb3
21. axb3 gxf6 22. Kg2 a6 23. Rh1 Re7 24. Rh6 Nd8 25. Rah1 Rg7 26. Rxh7 b6 27.
Rh8+ Kf7 28. Kf3 a5 29. Ke3 Ke7 30. c4 Rd7 31. Bd5 Rd6 32. Ke4 Ne6 33. Rb8 Rg4+
34. Ke3 f5 35. Rh6 f4+ 36. gxf4 exf4+ 37. Kd2 Rg1 38. Rb7+ 1-0

[Event "ChFraAccessionFem2011"]
[Site "Caen"]
[Date "2011.08.18"]
[Round "3.1"]
[White "Fruteau, Sabine"]
[Black "Benard, Anne-Laurie"]
[Result "1-0"]
[WhiteElo "2102"]
[BlackElo "1952"]
[PlyCount "93"]
[EventDate "2011.??.??"]

1. e4 c5 2. Nf3 g6 3. d4 cxd4 4. Nxd4 Bg7 5. c4 Nc6 6. Be3 Nf6 7. Nc3 O-O 8.
Be2 a6 9. O-O d6 10. Nb3 Na5 11. f3 Qc7 12. Nxa5 Qxa5 13. Rb1 Be6 14. b4 Qc7
15. Nd5 Nxd5 16. exd5 Bf5 17. Bd3 Qd7 18. Rf2 Rac8 19. Rc1 Rfd8 20. Bf1 h5 21.
h3 h4 22. Bg5 Bf6 23. Bxf6 exf6 24. Qd4 Kg7 25. Qxh4 Qa4 26. Qd4 Qxb4 27. g4
Bd7 28. g5 Rh8 29. gxf6+ Kg8 30. Rb2 Qa3 31. Qc3 Qc5+ 32. Kh2 Re8 33. Re1 Rxe1
34. Qxe1 Qd4 35. Rxb7 Qf4+ 36. Qg3 Qd2+ 37. Kg1 Qe3+ 38. Kh1 Bxh3 39. Bxh3 Qc1+
40. Kh2 Qd2+ 41. Kg1 Qe3+ 42. Qf2 Qc1+ 43. Kg2 Rh5 44. Re7 Qxc4 45. Bg4 Rxd5
46. Re8+ Kh7 47. Kg3 1-0

[Event "ChFraAccessionFem2011"]
[Site "Caen"]
[Date "2011.08.18"]
[Round "3.2"]
[White "Thuret, Marine"]
[Black "Hamdouchi, Adina-Maria"]
[Result "0-1"]
[WhiteElo "1910"]
[BlackElo "2266"]
[PlyCount "68"]
[EventDate "2011.??.??"]

1. Nc3 g6 2. e4 Bg7 3. g3 d6 4. Bg2 c5 5. d3 Nc6 6. Be3 Rb8 7. f4 Nh6 8. h3 f5
9. Nf3 O-O 10. O-O Bd7 11. Qd2 Nf7 12. Rae1 Nd4 13. Kh2 e6 14. Qf2 Qb6 15. Nd1
Rfe8 16. c3 Nxf3+ 17. Bxf3 Qa6 18. Qc2 Qxa2 19. Nf2 Qa4 20. Qd2 a6 21. g4 Qa5
22. h4 fxg4 23. Bxg4 Qd8 24. Kg3 h5 25. Bf3 Bf6 26. Rh1 Kh7 27. d4 cxd4 28.
cxd4 e5 29. dxe5 dxe5 30. Reg1 exf4+ 31. Bxf4 Ne5 32. Be2 Qe7 33. Qd1 Rg8 34.
Nd3 Rbd8 0-1

[Event "ChFraAccessionFem2011"]
[Site "Caen"]
[Date "2011.08.18"]
[Round "3.3"]
[White "Rigolot, Lucie"]
[Black "Schweitzer, Viktoriya"]
[Result "1/2-1/2"]
[WhiteElo "1946"]
[BlackElo "2226"]
[PlyCount "121"]
[EventDate "2011.??.??"]

1. e4 e6 2. d4 d5 3. Nd2 Nc6 4. Ngf3 Nf6 5. e5 Nd7 6. c3 f6 7. exf6 Qxf6 8. Nb3
Bd6 9. Be2 O-O 10. O-O Bf4 11. Re1 a5 12. a4 Ne7 13. Bxf4 Qxf4 14. Nc1 Ng6 15.
Nd3 Qf6 16. Bf1 b6 17. Qd2 Bb7 18. Nde5 Ngxe5 19. Nxe5 Nxe5 20. Rxe5 Bc6 21. b3
Bd7 22. Rae1 Rf7 23. R1e3 Qf4 24. Qc2 Raf8 25. Rf3 Qh4 26. Rxf7 Rxf7 27. Bd3 g6
28. g3 Qf6 29. f4 Kg7 30. Rg5 c5 31. Re5 cxd4 32. cxd4 Qe7 33. Qd2 Qa3 34. Bc2
Qb2 35. Re3 b5 36. Qc3 Qa3 37. axb5 Bxb5 38. Rxe6 a4 39. Re1 axb3 40. Qxb3 Qa5
41. Qe3 Qd8 42. Qe5+ Kg8 43. Bb3 Bc6 44. Bd1 Qc8 45. Bf3 Qd7 46. Qe6 Qb7 47.
Qe5 Qd7 48. Kg2 h5 49. Qe6 Kg7 50. Qxd7 Rxd7 51. Re6 Bb5 52. f5 gxf5 53. Bxh5
Ra7 54. Kf3 Ra2 55. h4 Rd2 56. Kf4 Rxd4+ 57. Ke5 Re4+ 58. Kd6 d4 59. Rxe4 fxe4
60. Kd5 e3 61. Kxd4 1/2-1/2

[Event "ChFraAccessionFem2011"]
[Site "Caen"]
[Date "2011.08.19"]
[Round "4.1"]
[White "Benard, Anne-Laurie"]
[Black "Schweitzer, Viktoriya"]
[Result "0-1"]
[WhiteElo "1952"]
[BlackElo "2226"]
[PlyCount "130"]
[EventDate "2011.??.??"]

1. e4 e6 2. d3 d5 3. Nd2 Nf6 4. Ngf3 b6 5. g3 Bb7 6. Qe2 Be7 7. Bg2 c5 8. O-O
Nc6 9. e5 Nd7 10. Re1 Qc7 11. Nf1 O-O-O 12. Bf4 Rdg8 13. h4 h6 14. Qd2 Qd8 15.
h5 g5 16. hxg6 fxg6 17. d4 g5 18. Be3 g4 19. N3h2 h5 20. a4 Rf8 21. dxc5 bxc5
22. Bf4 Rhg8 23. a5 a6 24. c3 c4 25. Qe2 Nc5 26. Be3 Nxa5 27. Nd2 Ncb3 28. Rad1
Nxd2 29. Rxd2 Qc7 30. Bf4 Nb3 31. Rdd1 Nc5 32. Nf1 Nd3 33. Rxd3 cxd3 34. Qxd3
Bg5 35. Bxg5 Rxg5 36. Qd4 Rff5 37. Qb4 Rxe5 38. Qf8+ Qd8 39. Qc5+ Kb8 40. Ne3
d4 41. Qxd4 Qxd4 42. cxd4 Rb5 43. Nd1 Bxg2 44. Kxg2 Rb6 45. Nc3 Rf5 46. Re2 Kc7
47. Na4 Rc6 48. Nc5 e5 49. b4 Kd6 50. dxe5+ Ke7 51. Ra2 Rxe5 52. Nxa6 Rb5 53.
Nc5 Rxb4 54. Nd3 Rb5 55. Nf4 Kf6 56. Rd2 Kg5 57. Re2 Rc1 58. f3 gxf3+ 59. Kxf3
Rc3+ 60. Kf2 Kg4 61. Re4 Rf3+ 62. Ke2 Rb2+ 63. Kd1 Ra2 64. Ne2+ Kf5 65. Rf4+
Rxf4 0-1

[Event "ChFraAccessionFem2011"]
[Site "Caen"]
[Date "2011.08.19"]
[Round "4.2"]
[White "Hamdouchi, Adina-Maria"]
[Black "Rigolot, Lucie"]
[Result "1-0"]
[WhiteElo "2266"]
[BlackElo "1946"]
[PlyCount "61"]
[EventDate "2011.??.??"]

1. Nf3 d5 2. g3 Bg4 3. Bg2 Nd7 4. O-O e6 5. d3 Bd6 6. Nbd2 Ne7 7. e4 O-O 8. Qe2
c6 9. h3 Bh5 10. Re1 Qb6 11. Nf1 c5 12. c3 d4 13. c4 e5 14. g4 Bg6 15. Ng3 Qc7
16. h4 f6 17. Bh3 Nc6 18. Kg2 Be8 19. h5 Kf7 20. g5 Rg8 21. Nh4 Ke7 22. Qg4 Kd8
23. Qe6 Rh8 24. Nhf5 Bf8 25. gxf6 Nxf6 26. Bg5 Qf7 27. Qxf7 Bxf7 28. h6 Be7 29.
hxg7 Rg8 30. Nxe7 Kxe7 31. Nf5+ 1-0

[Event "ChFraAccessionFem2011"]
[Site "Caen"]
[Date "2011.08.19"]
[Round "4.3"]
[White "Fruteau, Sabine"]
[Black "Thuret, Marine"]
[Result "1-0"]
[WhiteElo "2102"]
[BlackElo "1910"]
[PlyCount "69"]
[EventDate "2011.??.??"]

1. e4 c5 2. Nf3 d6 3. Bb5+ Nd7 4. O-O Ngf6 5. Re1 g6 6. c3 Bg7 7. d4 O-O 8. e5
Ne8 9. Bg5 dxe5 10. dxe5 Nc7 11. Bc4 h6 12. Bf4 e6 13. Qe2 a6 14. a4 Rb8 15. a5
b5 16. axb6 Nxb6 17. Nbd2 Nbd5 18. Be3 Rxb2 19. Bxc5 Re8 20. Bd4 g5 21. Reb1
Rxb1+ 22. Rxb1 f6 23. exf6 Bxf6 24. Ne5 Qe7 25. Ne4 Nf4 26. Nxf6+ Qxf6 27. Qe4
Qe7 28. g3 Nfd5 29. Ng4 Qh7 30. Qxh7+ Kxh7 31. Bd3+ Kg8 32. Nxh6+ Kf8 33. Bg6
Rd8 34. Nf7 Re8 35. Nxg5 1-0

[Event "ChFraAccessionFem2011"]
[Site "Caen"]
[Date "2011.08.20"]
[Round "5.1"]
[White "Thuret, Marine"]
[Black "Benard, Anne-Laurie"]
[Result "0-1"]
[WhiteElo "1910"]
[BlackElo "1952"]
[PlyCount "55"]
[EventDate "2011.??.??"]

1. b3 e5 2. Bb2 Nc6 3. e3 d5 4. Bb5 e4 5. Ne2 a6 6. Bxc6+ bxc6 7. O-O Bg4 8. d3
Qh4 9. dxe4 dxe4 10. Qe1 Nf6 11. Ng3 Bd6 12. Nd2 Bf5 13. Nc4 Bg6 14. Qc3 O-O
15. Nxd6 cxd6 16. Rad1 d5 17. f3 Qh6 18. Qd2 Nh5 19. Ne2 exf3 20. Rxf3 Be4 21.
Rh3 Bf5 22. Rf3 Be4 23. Rf2 Qg6 24. Nc3 Nf6 25. h3 Bf5 26. Kh2 Qh5 27. Kg1 Qg6
28. Kh2 0-1

[Event "ChFraAccessionFem2011"]
[Site "Caen"]
[Date "2011.08.20"]
[Round "5.2"]
[White "Rigolot, Lucie"]
[Black "Fruteau, Sabine"]
[Result "1/2-1/2"]
[WhiteElo "1946"]
[BlackElo "2102"]
[PlyCount "137"]
[EventDate "2011.??.??"]

1. e4 e5 2. Nf3 Nc6 3. c3 Nf6 4. d4 exd4 5. e5 Nd5 6. cxd4 Be7 7. Nc3 Nxc3 8.
bxc3 d6 9. Bb5 O-O 10. O-O Bg4 11. Qd3 a6 12. Ba4 Bxf3 13. Qxf3 dxe5 14. Bxc6
bxc6 15. dxe5 Qd5 16. Qe2 Bc5 17. Kh1 Rfe8 18. f4 f6 19. c4 Qe6 20. Bb2 fxe5
21. Qxe5 Qxe5 22. Bxe5 Bd6 23. Bxd6 cxd6 24. Rad1 Rad8 25. Rd2 Re4 26. Rc2 Kf7
27. g3 Rb8 28. Kg2 Rb4 29. Rfc1 h5 30. Kf3 Rd4 31. Ke3 c5 32. Kf3 Kf6 33. Ke3
Kf5 34. Rc3 Rb2 35. R3c2 Rxc2 36. Rxc2 Ke6 37. h3 d5 38. cxd5+ Kxd5 39. g4 hxg4
40. hxg4 g5 41. fxg5 Rxg4 42. Rh2 Rxg5 43. Rh6 Rg3+ 44. Kd2 Ra3 45. Kc2 Rxa2+
46. Kb3 Ra1 47. Rh5+ Kc6 48. Kc4 Ra4+ 49. Kb3 Rg4 50. Rh8 Rb4+ 51. Kc3 a5 52.
Ra8 Kb5 53. Rb8+ Ka4 54. Rc8 Rb1 55. Kc2 Rb5 56. Kc3 Ka3 57. Kc4 Rb1 58. Kc3
Rc1+ 59. Kd2 Rc4 60. Rb8 a4 61. Rb5 Ka2 62. Kd3 Rb4 63. Rxc5 a3 64. Kc2 Rh4 65.
Rc3 Rh2+ 66. Kc1 Rh6 67. Kc2 Rh4 68. Kc1 Rh2 69. Rc2+ 1/2-1/2

[Event "ChFraAccessionFem2011"]
[Site "Caen"]
[Date "2011.08.20"]
[Round "5.3"]
[White "Schweitzer, Viktoriya"]
[Black "Hamdouchi, Adina-Maria"]
[Result "1-0"]
[WhiteElo "2226"]
[BlackElo "2266"]
[PlyCount "135"]
[EventDate "2011.??.??"]

1. e4 d6 2. d4 Nf6 3. Nc3 g6 4. f4 Bg7 5. Nf3 c5 6. Bb5+ Bd7 7. e5 Ng4 8. e6
Bxb5 9. exf7+ Kd7 10. Nxb5 Qa5+ 11. Nc3 cxd4 12. Nxd4 Qh5 13. Nf3 Qc5 14. Qd2
Nc6 15. h3 Bxc3 16. bxc3 Nf6 17. Qd3 Qf5 18. Rb1 Qxd3 19. cxd3 b6 20. O-O Rhf8
21. Rb5 Rxf7 22. f5 gxf5 23. Rxf5 Rg8 24. Bh6 Rg6 25. Ng5 Nd8 26. Nxf7 Nxf7 27.
Bc1 Ne5 28. d4 Nc4 29. R1f4 d5 30. Rf3 Nd6 31. Rg5 Nde4 32. Rxg6 hxg6 33. Kf1
b5 34. Ke2 a5 35. a3 a4 36. g4 Ke6 37. Bf4 g5 38. Bc1 Ne8 39. Kd3 N8d6 40. Rf8
Nf7 41. Be3 Ned6 42. Rb8 Kf6 43. Bg1 e5 44. dxe5+ Nxe5+ 45. Ke2 Nec4 46. Bc5
Ke5 47. Bxd6+ Nxd6 48. Kd3 Nc4 49. Rxb5 Nxa3 50. Rb2 Nc4 51. Rf2 Nd6 52. Rf8 a3
53. Rf2 Ke6 54. Re2+ Kf6 55. Ra2 Nc4 56. Kd4 Ke6 57. Kc5 Ke5 58. Re2+ Kf4 59.
Kxd5 Nb2 60. Re1 Kg3 61. c4 Kxh3 62. c5 Kxg4 63. c6 Nd3 64. Rg1+ Kf3 65. c7 Kf2
66. Ra1 Nb4+ 67. Kd6 Nc2 68. Ra2 1-0

[Event "ChFraAccessionFem2011"]
[Site "Caen"]
[Date "2011.08.21"]
[Round "6.1"]
[White "Benard, Anne-Laurie"]
[Black "Hamdouchi, Adina-Maria"]
[Result "0-1"]
[WhiteElo "1952"]
[BlackElo "2266"]
[PlyCount "74"]
[EventDate "2011.??.??"]

1. e4 g6 2. d4 Bg7 3. Nc3 d6 4. Be3 c6 5. h4 Nf6 6. Be2 h5 7. a4 Ng4 8. Bxg4
hxg4 9. Qd2 Nd7 10. O-O-O Qa5 11. Kb1 a6 12. b3 b5 13. Na2 Qxd2 14. Rxd2 bxa4
15. bxa4 Rb8+ 16. Kc1 a5 17. Rd3 Ba6 18. Rb3 Rxb3 19. cxb3 Bf1 20. Rh2 Nf6 21.
f3 g3 22. Rh3 Nh5 23. b4 axb4 24. Nxb4 Bxg2 25. Nxc6 Bxh3 26. Nxh3 Kd7 27. d5
Nf6 28. Kc2 e6 29. a5 exd5 30. Nd4 dxe4 31. fxe4 Nxe4 32. a6 Ra8 33. Kd3 Nc5+
34. Ke2 Rxa6 35. Nf3 Ra2+ 36. Kf1 Ne4 37. Kg1 Ra3 0-1

[Event "ChFraAccessionFem2011"]
[Site "Caen"]
[Date "2011.08.21"]
[Round "6.2"]
[White "Schweitzer, Viktoriya"]
[Black "Fruteau, Sabine"]
[Result "1-0"]
[WhiteElo "2226"]
[BlackElo "2102"]
[PlyCount "93"]
[EventDate "2011.??.??"]

1. e4 d5 2. exd5 Qxd5 3. Nc3 Qd6 4. d4 Nf6 5. Nf3 a6 6. h3 b5 7. a3 Bb7 8. Be2
e6 9. O-O Be7 10. Be3 Nbd7 11. Qd2 O-O 12. Bf4 Qc6 13. Rfd1 Rfd8 14. Bf1 b4 15.
axb4 Bxb4 16. Qd3 Bxc3 17. bxc3 Qe4 18. Bxc7 Rdc8 19. Ba5 Qf4 20. Qe3 Qxe3 21.
fxe3 Nd5 22. Rd3 N7f6 23. Nd2 Ne7 24. c4 Ne4 25. Nxe4 Bxe4 26. Rc3 Rab8 27. c5
Rc6 28. Rb3 Ra8 29. Bd3 Bxd3 30. Rxd3 f5 31. g3 Nd5 32. c4 Nf6 33. Bb6 Ne4 34.
Kh2 Kf7 35. d5 exd5 36. cxd5 Nxc5 37. dxc6 Nxd3 38. Rd1 Ne5 39. c7 Nc6 40. Rd8
Nxd8 41. cxd8=Q Rxd8 42. Bxd8 Ke8 43. Ba5 Kf7 44. Kg2 g6 45. Kf3 Kf6 46. Bc3+
Kf7 47. Kf4 1-0

[Event "ChFraAccessionFem2011"]
[Site "Caen"]
[Date "2011.08.21"]
[Round "6.3"]
[White "Rigolot, Lucie"]
[Black "Thuret, Marine"]
[Result "0-1"]
[WhiteElo "1946"]
[BlackElo "1910"]
[PlyCount "114"]
[EventDate "2011.??.??"]

1. e4 c5 2. Nf3 d6 3. d4 cxd4 4. Nxd4 Nf6 5. Nc3 g6 6. Be3 Bg7 7. f3 Nc6 8. Qd2
Bd7 9. O-O-O Rc8 10. g4 h5 11. g5 Nh7 12. Nxc6 bxc6 13. Bd4 O-O 14. Bxg7 Kxg7
15. f4 Qa5 16. Bc4 Rfd8 17. Ne2 Qc7 18. Rhf1 Bg4 19. h3 Bxe2 20. Qxe2 e6 21. f5
d5 22. fxg6 fxg6 23. exd5 exd5 24. Bd3 Re8 25. Qd2 Qe5 26. Rde1 Qxg5 27. Rg1
Rxe1+ 28. Rxe1 Rc7 29. Re3 d4 30. Re1 Qxd2+ 31. Kxd2 Ng5 32. Rh1 Rf7 33. Ke2
Re7+ 34. Kf2 Re3 35. h4 Nh3+ 36. Kf1 Nf4 37. Bc4 Kf6 38. Kf2 Kf5 39. c3 c5 40.
cxd4 cxd4 41. Rd1 Ke4 42. Bb5 Nd3+ 43. Bxd3+ Rxd3 44. Re1+ Re3 45. Rg1 Rf3+ 46.
Ke2 d3+ 47. Kd2 Rf2+ 48. Kc3 d2 49. b4 Ke3 50. Rd1 Rh2 51. a4 Rxh4 52. a5 Rd4
53. b5 Ke2 54. Rxd2+ Rxd2 55. b6 axb6 56. axb6 Rd6 57. b7 Rb6 0-1

[Event "ChFraAccessionFem2011"]
[Site "Caen"]
[Date "2011.08.23"]
[Round "7.1"]
[White "Rigolot, Lucie"]
[Black "Benard, Anne-Laurie"]
[Result "0-1"]
[WhiteElo "1946"]
[BlackElo "1952"]
[PlyCount "92"]
[EventDate "2011.??.??"]

1. e4 c5 2. Nf3 g6 3. d4 cxd4 4. Nxd4 Bg7 5. c4 Nc6 6. Be3 Nf6 7. Nc3 O-O 8.
Be2 d6 9. O-O Nxd4 10. Bxd4 Bd7 11. Rc1 Bc6 12. f3 a5 13. b3 Nd7 14. Be3 Nc5
15. a3 Qb6 16. Nb5 Bxb5 17. cxb5 Qd8 18. b4 axb4 19. axb4 Ne6 20. Qd2 Ra3 21.
Bc4 Rxe3 22. Bxe6 Qb6 23. Bxf7+ Rxf7 24. Rc8+ Rf8 25. Qd5+ Kh8 26. Rxf8+ Bxf8
27. Kh1 Bg7 28. Qe6 Qd8 29. Rc1 Qc7 30. Qc8+ Qxc8 31. Rxc8+ Bf8 32. h4 Kg8 33.
Rb8 Rb3 34. Rxb7 Rxb4 35. Rb8 Kf7 36. Kh2 h5 37. b6 Bg7 38. g3 Bd4 39. b7 Ba7
40. Rc8 Rxb7 41. Rc3 Rb2+ 42. Kh3 Bg1 43. g4 Bd4 44. Rd3 Be5 45. gxh5 gxh5 46.
f4 Bxf4 0-1

[Event "ChFraAccessionFem2011"]
[Site "Caen"]
[Date "2011.08.23"]
[Round "7.2"]
[White "Thuret, Marine"]
[Black "Schweitzer, Viktoriya"]
[Result "0-1"]
[WhiteElo "1910"]
[BlackElo "2226"]
[PlyCount "118"]
[EventDate "2011.??.??"]

1. b3 e5 2. Bb2 Nc6 3. e3 d5 4. Bb5 Bd6 5. f4 Qh4+ 6. g3 Qe7 7. Nf3 Bg4 8. h3
Bxf3 9. Qxf3 Nf6 10. O-O O-O 11. Bxc6 bxc6 12. Nc3 e4 13. Qf2 Ba3 14. Bxa3 Qxa3
15. g4 Qe7 16. Qh4 Rfe8 17. Ne2 c5 18. Kh1 a5 19. Ng3 Nd7 20. g5 Ra6 21. Rg1
Kh8 22. Raf1 g6 23. Qg4 f5 24. gxf6 Rxf6 25. h4 Ref8 26. Rf2 Ne5 27. Qh3 Nf3
28. Rgf1 h5 29. d3 Rc6 30. dxe4 dxe4 31. Nxe4 Nxh4 32. Ng5 Nf5 33. e4 Ng7 34.
a4 Ne6 35. Qc3+ Kg8 36. Qc4 Kg7 37. Qc3+ Qf6 38. e5 Qf5 39. Nxe6+ Qxe6 40. Qxa5
Qh3+ 41. Kg1 Qg3+ 42. Kh1 g5 43. Qd2 Qh3+ 44. Kg1 Rxf4 45. Rxf4 gxf4 46. Rf2 f3
47. e6 Rxe6 48. Qd7+ Kf6 49. Qd8+ Kf5 50. Qd5+ Kf4 51. Rxf3+ Qxf3 52. Qxe6 Qd1+
53. Kf2 Qxc2+ 54. Qe2 Qxe2+ 55. Kxe2 Ke4 56. Kf2 Kd5 57. Kg3 c4 58. a5 cxb3 59.
a6 Kc6 0-1

[Event "ChFraAccessionFem2011"]
[Site "Caen"]
[Date "2011.08.23"]
[Round "7.3"]
[White "Fruteau, Sabine"]
[Black "Hamdouchi, Adina-Maria"]
[Result "1/2-1/2"]
[WhiteElo "2102"]
[BlackElo "2266"]
[PlyCount "89"]
[EventDate "2011.??.??"]

1. e4 d6 2. d4 Nf6 3. Nc3 g6 4. Bg5 Bg7 5. Qd2 h6 6. Bh4 g5 7. Bg3 Nh5 8. f3
Nxg3 9. hxg3 Nd7 10. O-O-O c5 11. Nge2 a6 12. f4 g4 13. e5 O-O 14. Ne4 cxd4 15.
exd6 f5 16. Nf2 exd6 17. Nxd4 Nc5 18. Bc4+ Kh7 19. Bd5 Bd7 20. Kb1 Rc8 21. c3
b5 22. Nd3 Qf6 23. Nb4 a5 24. Nbc2 Na4 25. Bb3 Nb6 26. Ne3 a4 27. Bc2 Nc4 28.
Nxc4 Rxc4 29. Qe2 Kh8 30. Rhe1 a3 31. Qe7 Rc7 32. Qxf6 Bxf6 33. Ne6 Bxe6 34.
Rxe6 axb2 35. Rdxd6 Kg7 36. Rc6 Rfc8 37. Rb6 Rf7 38. Rec6 Rxc6 39. Rxc6 Re7 40.
Bxf5 b4 41. Kxb2 bxc3+ 42. Kb3 Rb7+ 43. Kc4 Ra7 44. Kb3 Rb7+ 45. Kc4 1/2-1/2

[Event "ChFraAccessionFem2011"]
[Site "Caen"]
[Date "2011.08.23"]
[Round "8.1"]
[White "Benard, Anne-Laurie"]
[Black "Fruteau, Sabine"]
[Result "0-1"]
[WhiteElo "1952"]
[BlackElo "2102"]
[PlyCount "74"]
[EventDate "2011.??.??"]

1. e4 e5 2. Bc4 Nc6 3. Nf3 Bc5 4. O-O Nf6 5. d3 d6 6. Be3 Bb6 7. c3 O-O 8. b4
Ne7 9. Nbd2 Ng6 10. d4 c6 11. Bb3 h6 12. h3 Re8 13. Bc2 Nh5 14. Nxe5 dxe5 15.
Qxh5 exd4 16. cxd4 Bxd4 17. Rad1 Bxe3 18. fxe3 Qg5 19. Qxg5 hxg5 20. Bb3 Be6
21. Bxe6 Rxe6 22. Kf2 a5 23. a3 axb4 24. axb4 Ra2 25. Ke1 Rb2 26. Nc4 Rxb4 27.
Rd8+ Nf8 28. Nd2 f6 29. Rf5 b6 30. Ke2 Kf7 31. Rc8 Ke7 32. Rf1 Rb2 33. Rc7+ Nd7
34. Rd1 b5 35. Kd3 Rd6+ 36. Ke2 Ra2 37. Rc8 Nb6 0-1

[Event "ChFraAccessionFem2011"]
[Site "Caen"]
[Date "2011.08.24"]
[Round "8.2"]
[White "Hamdouchi, Adina-Maria"]
[Black "Thuret, Marine"]
[Result "1-0"]
[WhiteElo "2266"]
[BlackElo "1910"]
[PlyCount "109"]
[EventDate "2011.??.??"]

1. Nf3 Nf6 2. g3 g6 3. Bg2 Bg7 4. O-O d6 5. d4 O-O 6. Re1 Nbd7 7. e4 e5 8. c3
h6 9. a4 Re8 10. Qc2 c6 11. Nbd2 d5 12. exd5 Nxd5 13. dxe5 Nxe5 14. Nxe5 Rxe5
15. Rxe5 Bxe5 16. Nc4 Bg7 17. Ne3 Be6 18. a5 a6 19. h4 Qd7 20. Qe2 Re8 21. Bd2
Bh3 22. Bf3 Be6 23. Re1 Rd8 24. Ng4 Bxg4 25. Bxg4 Qc7 26. h5 g5 27. c4 Nf6 28.
Bf5 Qd6 29. Bc3 Re8 30. Qf3 Rxe1+ 31. Bxe1 Qd4 32. Qe2 Qd8 33. Bc3 Ne8 34. Bb4
Bf8 35. Bc3 Bg7 36. Bb4 Bf8 37. Bh7+ Kxh7 38. Bxf8 Ng7 39. Bb4 f5 40. Bc3 Qc7
41. Qd3 Qf7 42. g4 Kg8 43. Bxg7 Kxg7 44. gxf5 Qxh5 45. Qd4+ Kf8 46. Qd6+ Kg7
47. Qe5+ Kf8 48. Qf6+ Kg8 49. Qd8+ Kh7 50. Qd7+ Kg8 51. Qc8+ Kg7 52. Qxb7+ Qf7
53. Qxf7+ Kxf7 54. b4 Kf6 55. b5 1-0

[Event "ChFraAccessionFem2011"]
[Site "Caen"]
[Date "2011.08.23"]
[Round "8.3"]
[White "Schweitzer, Viktoriya"]
[Black "Rigolot, Lucie"]
[Result "1-0"]
[WhiteElo "2226"]
[BlackElo "1946"]
[PlyCount "71"]
[EventDate "2011.??.??"]

1. e4 c5 2. b3 d6 3. Bb2 Nf6 4. Nc3 Nc6 5. Bb5 Bd7 6. Bxc6 Bxc6 7. Qe2 e6 8.
Nf3 Be7 9. e5 dxe5 10. Nxe5 O-O 11. Nxc6 bxc6 12. O-O Qc7 13. d3 Bd6 14. g3 Nd5
15. Ne4 Be5 16. c4 Bxb2 17. Qxb2 Nb4 18. Nxc5 Qd6 19. d4 e5 20. a3 exd4 21.
axb4 a5 22. Nd3 axb4 23. c5 Qd5 24. Qc2 Rab8 25. Ra4 Qe6 26. Re1 Qd7 27. Rxb4
Rxb4 28. Nxb4 g6 29. Qe4 Qb7 30. Nxc6 Qxb3 31. Ne7+ Kg7 32. Qxd4+ f6 33. c6 Qb8
34. Qc5 Qc7 35. Nf5+ Kg8 36. Nh6+ 1-0

[Event "ChFraAccessionFem2011"]
[Site "Caen"]
[Date "2011.08.25"]
[Round "9.1"]
[White "Schweitzer, Viktoriya"]
[Black "Benard, Anne-Laurie"]
[Result "1-0"]
[WhiteElo "2226"]
[BlackElo "1952"]
[PlyCount "101"]
[EventDate "2011.??.??"]

1. e4 c5 2. Nf3 g6 3. d4 cxd4 4. Qxd4 Nf6 5. Nc3 Nc6 6. Qa4 d6 7. e5 dxe5 8.
Nxe5 Bd7 9. Nxd7 Qxd7 10. Be3 Ng4 11. Rd1 Qe6 12. Bc4 Qc8 13. O-O Bg7 14. Bd4
O-O 15. Bxg7 Kxg7 16. h3 Nce5 17. Bd5 Nf6 18. Rfe1 Qb8 19. Qd4 Nc6 20. Bxc6
bxc6 21. b3 Qc7 22. Qc5 Rfe8 23. a4 Qb6 24. Qe5 Qb8 25. Qc5 Qb6 26. Qa3 Qc7 27.
a5 Nd5 28. Nxd5 cxd5 29. Qb2+ Kg8 30. Rxd5 e6 31. Rde5 Rec8 32. c4 Rab8 33. Qa3
Rb7 34. R5e3 Qc5 35. Qa2 Rbb8 36. Rd1 Qb4 37. Red3 Kf8 38. Qa1 Ke7 39. a6 Rc7
40. Qe5 Rbc8 41. Qg7 h5 42. Rf3 Ke8 43. Qe5 Qc5 44. Qc3 Qe7 45. Rfd3 Qg5 46.
Qh8+ Ke7 47. Rd8 Qc5 48. Qf8+ Kf6 49. Rxc8 Rxc8 50. Qxc5 Rxc5 51. Rd7 1-0